Ciencias, educación e historia : actas do V Simposio de Historia e Ensino das Ciencias : Vigo, setembro 1995 /

Guardado en:
Bibliografiske detaljer
Institution som forfatter: Simposio de Historia e Ensino das Ciencias ( Vigo, España)
Andre forfattere: Fraga, Xosé A. (edición) (edición)
Format: Procedimiento de la conferencia Bog
Sprog:spansk
Udgivet: A Coruña, España Edicios do Castro : Seminario de Estudos Galegos, 1997, c1997
Serier:(Publicacións do Seminario de Estudos Galegos)
Fag:
Tags: Tilføj Tag
Ingen Tags, Vær først til at tagge denne postø!

MARC

LEADER 00000nam^a2200000^a^4500
001 000190007
005 20250521000000.0
009 20260310102432.913
020 |a 84-7492-860-5 
037 |a Acervo ITESO - Biblioteca 
041 |a ESP 
082 |a 507.  |b SIM 1995 
111 |a Simposio de Historia e Ensino das Ciencias (  |n 5º :  |d 1995 :  |c Vigo, España) 
245 1 0 |a Ciencias, educación e historia :  |b actas do V Simposio de Historia e Ensino das Ciencias : Vigo, setembro 1995 /  |c Ed. de X.A. Fraga. 
264 4 |a A Coruña, España  |b Edicios do Castro :  |b Seminario de Estudos Galegos,  |c 1997, c1997 
300 |a 626 p. 
336 |a texto  |b txt  |2 rdacontenido 
337 |a sin mediación  |b n  |2 rdamedio 
338 |a volumen  |b nc  |2 rdasoporte 
440 1 |a (Publicacións do Seminario de Estudos Galegos) 
649 |a XX 
650
650 |a Discriminación de Género 
650 |a Racismo 
650 |a Feminismo 
650 |a Ciencia -  |z España -  |x Estudio y Enseñanza 
650 |a Ciencia -  |z España -  |x Historia 
650 |a Ciencia -  |z Portugal -  |x Estudio y Enseñanza 
650 |a Ciencia -  |z Portugal -  |x Historia 
650 |a Ciencia -  |x Metodología 
650 |a Ciencia -  |x Estudio y Enseñanza -  |x Congresos -  |x Tema Principal 
650 |a Ciencia -  |x Historia -  |x Congresos -  |x Tema Principal 
700 |a Fraga, Xosé A.  |e (edición) 
910 |a Fondo General 
920 |a Impresos - Libros 
930 |a Colección General 
905 |a 101 
901 |a 0500133386  |b IT1  |c ACC  |u 20250521 
902 |a https://opac.biblio.iteso.mx/vufind/Record/000190007